ՀՀ Գիտությունների ազգային ակադեմիայի հիմնարար գիտական գրադարան  =   Fundamental Scientific Library of NAS RA

Բջնի / (Record no. 147505)

MARC details
000 -LEADER
fixed length control field 00945nam a2200229 a 4500
001 - CONTROL NUMBER
control field 000388101
003 - CONTROL NUMBER IDENTIFIER
control field AM-YeHGA
005 - DATE AND TIME OF LATEST TRANSACTION
control field 20250618072329.0
008 - FIXED-LENGTH DATA ELEMENTS--GENERAL INFORMATION
fixed length control field 041126s1984 ai 000 | arm d
040 ## - CATALOGING SOURCE
Original cataloging agency AM-YeHGA
041 0# - LANGUAGE CODE
Language code of text/sound track or separate title arm
090 ## - LOCALLY ASSIGNED LC-TYPE CALL NUMBER (OCLC); LOCAL CALL NUMBER (RLIN)
-- 148892
100 1# - MAIN ENTRY--PERSONAL NAME
Personal name Թամանյան, Յուլի Ալեքսանդրի
9 (RLIN) 6518
245 10 - TITLE STATEMENT
Title Բջնի /
Statement of responsibility, etc. Յ.Ա. Թամանյան; Նկ.՝ Օ.Ս. Ասատրյան; ՀՍՍՀ Պատմ. և կուլտ. հուշարձանն. պհպ. ընկ.
246 1# - VARYING FORM OF TITLE
Title proper/short title Бжни
260 ## - PUBLICATION, DISTRIBUTION, ETC.
Place of publication, distribution, etc. Երևան :
Name of publisher, distributor, etc. Հայաստան,
Date of publication, distribution, etc. 1984.
300 ## - PHYSICAL DESCRIPTION
Extent 4 ծալ. թ. :
Other physical details լուսանկ. ;
Dimensions 17 սմ.
650 14 - SUBJECT ADDED ENTRY--TOPICAL TERM
Topical term or geographic name entry element Ճարտարապետություն
General subdivision Եկեղեցիներ, տաճարներ
9 (RLIN) 5293
651 #4 - SUBJECT ADDED ENTRY--GEOGRAPHIC NAME
Geographic name Բջնի
700 1# - ADDED ENTRY--PERSONAL NAME
Personal name Ասատրյան, Օ.Ս.
Relator term նկ.
Relationship art
710 2# - ADDED ENTRY--CORPORATE NAME
Corporate name or jurisdiction name as entry element Պատմության և կուլտուրայի հուշարձանների պահպանության ընկերություն ՀՍՍՀ
Holdings
Withdrawn status Lost status Damaged status Not for loan Collection Home library Current library Date acquired Cost, normal purchase price Total checkouts Full call number Barcode Date last seen Price effective from Koha item type Public note
        General Fundamental Scientific Library Fundamental Scientific Library 28/12/2016 45.00   AI/17708 FL0060604 28/12/2016 28/12/2016 Գրքեր / Books 30 Days Loan


ՀՀ ԳԱԱ հիմնարար գիտական գրադարան
ՀՀ,Երևան 0019
Մարշալ Բաղրամյան 24/6
հեռախոս:(374-10) 52-47-50
Հետադարձ կապ

All site content, except where otherwise noted, is licensed under a
Creative Commons License